000 01056cab a2200337 4500
001 ABS50765
008 090401t1994 xxu||||| |||| 00| 0 eng d
035 _a(Sirsi) u39428
041 _aeng
100 _aSlatter, B.
245 4 _aThe effect of GATT reforms on government support to agriculture
260 _c1994
350 _a0
490 _aCSM (Chartered Surveyor Monthly)
_v8(3) May 1994, 34-35(2)
520 _aDescribes the main features of the GATT agreement, where they relate to British agriculture, and assesses its effects on each sector of farming: livestock, milk and cereals. Looks at wider implications such as the impact on rent and land values.
650 _aBEEF
650 _aCAP REFORM
650 _aCEREALS
650 _aFARMING
650 _aGATT
650 _aGENERAL AGREEMENT ON TARIFFS AND TRADE
650 _aMILK
650 _aPIGS
650 _aRURAL ECONOMY
650 _aSHEEP
650 _aSUBSIDIES
690 _aRURAL PRACTICE
700 _aMonk, A.
942 _n0
948 _c04/03/1997
999 _c25316
_d25316